000 00341cam a22001097a 4500
008 180718b1971 xxu||||| |||| 00| 0 eng d
082 _aQ Un3so
245 _aSocial development in Asia - - retrospect and prospect
_cby Economic Commission
260 _aNew York
_bUnited Nations
_c1971
300 _av, 70p
700 _aU.S.A. Economic Commission
999 _c495072
_d495072